A study of ore deposits for the practical miner: with descriptions of ore minerals rock minerals, and rocks a guide to the prospector

Kaydedildi:
Detaylı Bibliyografya
Yazar: Wallace, J. P (Yazar)
Materyal Türü: Kitap
Dil:İngilizce
Baskı/Yayın Bilgisi: Nueva York Hill 1908
Konular:
Etiketler: Etiketle
Etiket eklenmemiş, İlk siz ekleyin!

MARC

LEADER 00000nam a2200000 a 4500
001 UCX8580
003 CL-VaPUC
008 940413e19080000US |||||||||||||||||eng|d
082 0 4 |a 553.1  |b WAL  |2 21 
100 0 |a Wallace, J. P  |e author  |9 325724 
245 1 2 |a A study of ore deposits for the practical miner: with descriptions of ore minerals rock minerals, and rocks a guide to the prospector 
300 |a 349 p 
942 |c BK 
945 |d 19940413 00:00:00  |a mfernand 
260 |a Nueva York  |b Hill  |c 1908 
650 0 |a Yacimientos minerales  |9 262212 
583 |a last modification  |c 19940413 00:00:00  |k Rodrigo Vera 
999 |c 228034  |d 228032